01417nam a2200337 a 4500001001200000003000800012006001900020007001500039008004100054020001800095020002700113040002100140035002100161050002300182082001400205100002200219245011700241260004600358300006600404504007900470533015200549588009500701650002700796650001500823650002600838655002900864700002600893710001700919856012600936999001701062ebr10722546CaPaEBRm o u cr cn|||||||||150303s2013 njua sb 001 0 eng d z9781118393239 z9781118393260 (e-book) aCaPaEBRcCaPaEBR a(OCoLC)85097266214aRA643b.B57 2013eb04a614.42231 aBisen, Prakash S.10aEmerging epidemicsh[electronic resource] :bmanagement and control /cPrakash S. Bisen and Ruchika Raghuvanshi. aHoboken, N.J. :bWiley-Blackwell,cc2013. a1 online resource (xvii, 736 p.) :bill. (some col.), graphs. aIncludes bibliographical references at the end of each chapters and index. aElectronic reproduction.bPalo Alto, Calif. :cebrary,d2015.nAvailable via World Wide Web.nAccess may be limited to ebrary affiliated libraries. aDescription based on online resource; title from title page (ebrary, viewed July 4, 2013). 0aCommunicable diseases. 0aEpidemics. 0aHazardous substances. 7aElectronic books.2local1 aRaghuvanshi, Ruchika.2 aebrary, Inc.40uhttp://site.ebrary.com/lib/rucke/Doc?id=10722546zAn electronic book accessible through the World Wide Web; click to view c39408d39408